000 00653nam a2200253Ia 4500
005 20260306145454.0
008 008 260114s9999 xx 000 0 eng d
020 _a9781503641624
037 _aEbook
040 _aCRL
040 _beng
040 _cCRL
041 _2eng
041 _aeng
084 _qCRL
100 _aDouglass, Patrice D.
_91123825
245 0 _aEngendering Blackness : slavery and the ontology of sexual violence
260 _bStanford University Press
260 _c2025
650 _aCultural Studies
856 _uhttps://www.degruyter.com/isbn/9781503641624
942 _cEBOOK
999 _c1688661
_d1688661